| 000 | 00430nam a2200181Ia 4500 | ||
|---|---|---|---|
| 001 | 22699 | ||
| 005 | 20260414150848.0 | ||
| 008 | 260414t2002||||xx |||||||||||||| ||spa|| | ||
| 041 | _aESP | ||
| 082 |
_a621.38415 _bH28 |
||
| 100 |
_aHaykin, Simon _eAUT |
||
| 245 | 0 |
_aSistemas de comunicación _b |
|
| 260 | _c2002 | ||
| 300 |
_axviii, 816 pƔginas : _c25 cm. |
||
| 650 | _aTCA | ||
| 654 | _aCET | ||
| 942 |
_cLIB _dJUS _fJUS _2ddc _n |
||
| 999 |
_c22699 _d22699 |
||